| 000 | 00775nam a2200217 a 4500 | ||
|---|---|---|---|
| 003 | MX-MxUPN | ||
| 005 | 20240419160325.0 | ||
| 008 | 031003s1931 mx r 000 0 spa d | ||
| 035 | _aUPN01000129561 | ||
| 040 |
_aMX-MxUPN _bspa _cMX-MxUPN |
||
| 041 | 0 | _aspa | |
| 050 | 1 | 4 |
_aHD9156 H4 _bD44 1931 |
| 245 | 0 | 0 | _aEn defensa de la industria henequenera de Yucatán |
| 260 |
_a[México] : _b[editor no identificado], _c1931. |
||
| 300 | _a87 páginas | ||
| 500 | _aLos dos ejemplares tienen ex libris de P.B.Molina y sello del Museo Pedagógico Nacional. | ||
| 650 | 7 |
_aIndustria del henequén _zYucatán _2 _947299 |
|
| 700 | 0 |
_aP.B. Molina _951433 _epropietario anterior |
|
| 710 | 2 |
_aMuseo Pedagógico Nacional (México) _951335 _epropietario anterior |
|
| 942 |
_2lcc _cLIBRO |
||
| 999 |
_c101733 _d101733 |
||